Statistics for Name these Modern Family characters!

Click here to take the quiz!

General Stats

  • This quiz has been taken 13 times
  • The average score is 12 of 16

Answer Stats

Answer% Correct
Haley Dunphy
100%
Joe Fulgencio Pritchett
100%
Lily Tucker-Pritchett
100%
Phil Dunphy
100%
Stella
100%
Andy Bailey
85%
Gil Thorpe
85%
Pepper Saltzman
85%
Larry
77%
Pameron Tucker
77%
Javier Delgado
69%
Sanjay Patel
69%
Earl Chambers
46%
Sonia Ramirez
38%
Charlie Bingham
31%
Lorraine Dunphy
23%

Score Distribution

Percentile by Number Answered

Percent of People with Each Score

Your Score History

You have not taken this quiz